Score 0/22 Timer 02:00
0 Plays Today
Song Missing Word % Correct
Beauty and the ___Beast
97.6%
I ___ Called to Say I Love YouJust
93.3%
Over the ___Rainbow
90.1%
Mona ___Lisa
89.2%
Take My ___ AwayBreath
87.1%
The Way You ___ TonightLook
85.5%
___ the SeaUnder
82.8%
___ ChristmasWhite
77%
Love Is a Many-Splendored ___Thing
75.1%
___ Me IrresponsibleCall
72.5%
___-a-Dee-Doo-DahZip
70.2%
Song Missing Word % Correct
We May Never ___ Like This AgainLove
69.9%
Up Where We ____Belong
69.5%
Born ___Free
67.5%
___ RiverMoon
62.5%
___ of the WindColors
61.2%
___ YourselfLose
60.3%
The ___ AfterMorning
55.7%
Windmills of Your ___Mind
49.4%
___ of PhiladelphiaStreets
47.3%
___ HopesHigh
46.8%
Jai __Ho
41.9%

Today's Daily Dose

Remove Ads.
Support Sporcle.
Get the best of Sporcle when you Go Orange. This ad-free experience offers more features, more stats, and more fun while also helping to support Sporcle. Thank you for becoming a member.

You're not logged in!

Compare scores with friends on all Sporcle quizzes.
OR
Log In

Show Comments

Extras

Top Quizzes Today


Score Distribution

Your Account Isn't Verified!

In order to create a playlist on Sporcle, you need to verify the email address you used during registration. Go to your Sporcle Settings to finish the process.

Report this User

Report this user for behavior that violates our Community Guidelines.

Details: